Interdisciplinariedad en educación /

Guardado en:
Autor Principal: Ander Egg, Ezequiel
Formato: Libro
Publicado: Buenos Aires : Magisterio del Río de la Plata, 1994
Series:Colección Respuestas educativas
Materias:
Etiquetas: Agregar Etiqueta
Sin Etiquetas, Sea el primero en etiquetar este registro!
LEADER 00776nam a22002175a 4500
001 CEM.cems009298
005 20090331101419.0
008 130507s1994##################000#0#####d
003 CEMS
020 |a 9505501250 
082 0 4 |a 371.3 
100 1 |a Ander Egg, Ezequiel 
245 1 0 |a Interdisciplinariedad en educación /  |c Ezequiel Ander-egg 
260 |a Buenos Aires :  |b Magisterio del Río de la Plata,  |c 1994 
300 |a 93 p. 
490 0 |a Colección Respuestas educativas 
505 0 |a Acerca de loa interdisciplinariedad -- Reflexionando en torno a la interdisciplinariedad -- Cómo realizar la interdisciplinariedad 
653 |a Educación 
653 |a Enseñanza-métodos 
653 |a Nterdisciplinariedad 
859 |a CEMS  |b BIB. CEMS - 11 de abril  |h 371.3  |i An22  |p 18926.96  |t Ej.1